Sports Quiz

Random Sports or Olympics Quiz

Olympic Sports Without ''Olympics'' I Quiz Stats

 Plays Quiz not verified by Sporcle

Score 0/20 Timer 06:00
0 Plays Today
Hint Sport % Correct
F__tba__Football
94.7%
Rugb_Rugby
94.1%
G__fGolf
93.4%
R_w_ngRowing
91.4%
Taekw_nd_Taekwondo
90.8%
Ar_her_Archery
90.5%
Wre_t__ngWrestling
90.1%
Tr_ath__nTriathlon
89.5%
Eque_tr_an___Equestrianism
87.5%
B_b__e_ghBobsleigh
84.9%
Hint Sport % Correct
_n_wb_ard_ngSnowboarding
84.5%
B_ath__nBiathlon
78%
_ur__ngCurling
67.4%
_h__t_ngShooting
64.1%
_ke_et_nSkeleton
63.8%
_k_ Ju___ngSki Jumping
56.3%
Tra_____n_ngTrampolining
48.4%
N_rd__ ___b_nedNordic Combined
47%
A___ne _k__ngAlpine Skiing
44.7%
_a___ngSailing
25.3%

You're not logged in!

Compare scores with friends on all Sporcle quizzes.
Join for Free
OR
Log In

You Might Also Like...

Show Comments

Extras

Top Quizzes Today


Score Distribution

Your Account Isn't Verified!

In order to create a playlist on Sporcle, you need to verify the email address you used during registration. Go to your Sporcle Settings to finish the process.

Report this User

Report this user for behavior that violates our Community Guidelines.

Details: